Biblioteka Instytutu Północnego w Olsztynie

Widok standardowy Widok MARC

Pozycja Personal Name

Liczba rekordów, w których użyto hasła: 1

001 - Numer kontrolny

  • control field: 39695

003 - Identyfikator numeru kontrolnego

  • control field: NUKAT

005 - Data i czas ostatniej modyfikacji

  • control field: 20260408195603.0

008 - Dane kontrolne kodowane (40 znaków)

  • fixed length control field: 001130n||a|znnaabn |a aaa |c

010 ## - Numer kontrolny Biblioteki Kongresu

  • numer kontrolny LC: n 00714464

024 7# - OTHER STANDARD IDENTIFIER

  • Standard number or code: 101663259
  • Source of number or code: viaf

024 7# - OTHER STANDARD IDENTIFIER

  • Standard number or code: 0000000083462163
  • Source of number or code: isni

024 7# - OTHER STANDARD IDENTIFIER

  • Standard number or code: Q9354117
  • Source of number or code: wikidata

040 ## - Instytucja sporządzająca rekord

  • inst. przygot. dane do rek. khw: TOR U/TL
  • język haseł przedmiotowych/tezaurus: kaba
  • inst. wprow. rek. khw: TOR U/TL
  • inst. modyf. rek. khw: WA U/91IO
  • inst. modyf. rek. khw: WA 14/KS
  • inst. modyf. rek. khw: WA U/IS
  • inst. modyf. rek. khw: WA U/PE
  • inst. modyf. rek. khw: WA U/MKK

046 ## - Special dates

  • Birth date: 1884
  • Death date: 1958

100 1# - Hasło - nazwa osobowa

  • nazwa osobowa w formie ujednoliconej: Brzeski, Tadeusz
  • daty biograficzne: (1884-1958).

372 ## - Field of activity

  • Field: Prawo.
  • Auth control #: http://nukat.edu.pl/aut/s 94013097
  • Source of term: kaba

372 ## - Field of activity

  • Field: Ekonomia.
  • Auth control #: http://nukat.edu.pl/aut/s 94114929
  • Source of term: kaba

374 ## - Occupation

  • Occupation: Prawnicy.
  • Auth control #: http://nukat.edu.pl/aut/s 95011492
  • Source of term: kaba

374 ## - Occupation

  • Occupation: Ekonomiści.
  • Auth control #: http://nukat.edu.pl/aut/s 95012399
  • Source of term: kaba

400 1# - Trop zob. - nazwa osobowa

  • nazwa osobowa (nazwisko, imiona): Brzeski
  • daty biograficzne: (1884-1958).

400 1# - Trop zob. - nazwa osobowa

  • nazwa osobowa (nazwisko, imiona): Brzeski, T.

400 1# - Trop zob. - nazwa osobowa

  • nazwa osobowa (nazwisko, imiona): Brzeski, Th.

400 1# - Trop zob. - nazwa osobowa

  • nazwa osobowa (nazwisko, imiona): Brzeski, Tad.

670 ## - Źródło informacji

  • źródło informacji: Kp. Ekonomia i teoria gospodarowania / Tadeusz Brzeski. - Warszawa, 1938.

670 ## - Źródło informacji

  • źródło informacji: Uczeni polscy XIX-XX stulecia. T. 1 / Andrzej Śródka. - Warszawa, 1994.

670 ## - Źródło informacji

  • źródło informacji: Historja doktryn ekonomicznych / oprac. na podst. wykładów uniwersyteckich prof. Brzeskiego. - Warszawa, 1933.

670 ## - Źródło informacji

  • źródło informacji: Główne zagadnienia ekonomii / T. Brzeski. - Londyn, 1952.

670 ## - Źródło informacji

  • źródło informacji: Das Arbeitsrecht in Polen / Von Th. Brzeski. - Berlin, [1928].

670 ## - Źródło informacji

  • źródło informacji: Przegląd wykładów ekonomji społecznej : opracowano na podstawie wykładów Tad. Brzeskiego. - Warszawa, 1924.

670 ## - Źródło informacji

  • źródło informacji: Profesor Tadeusz Brzeski (1884-1958) : szkic biograficzny / Wojciech Klas // Zeszyty Naukowe - Polski Uniwerystet na Obczyźnie w Londynie. - Ser. 3, nr 7, 2019, strony 89-122.

670 ## - Źródło informacji

  • źródło informacji: pl.wikipedia, 18.09.23
  • adres internetowy: https://pl.wikipedia.org/wiki/Tadeusz_Brzeski
Biblioteka Instytutu Północnego, ul. Partyzantów 87, 10-402 Olsztyn, email: biblioteka(at)ip.olsztyn.pl